000 00695nam a2200193Ii 4500
003 JO-AjNU
008 230605s9999||||xx |||||||||||||| ||und||
040 _aJO-AjNU
_bara
_erda
_cJO-AjNU
041 _aara
050 1 4 _aLC3955.T42 2012
100 3 _aالظاهر، قحطان احمد ,
_eauthor
_960579
245 0 0 _aمصطلحات ونصوص انجليزية في التربية الخاصة=English Terms and texts in Special Education
250 _aط1
264 3 1 _aعمان: دار اليازوري العلمية للنشر والتوزيع، 2012
300 _a415ص
336 _atext
_btxt
_2rdacontent
337 _aunmediated
_bn
_2rdamedia
338 _avolume
_bnc
_2rdacarrier
999 _aA27325
_c30893
_d30893